1545 1556 1438 1992 1592 1635 1576 1376 1686 1440 1954 1829 1471 1717 1900 1543 1068 1234 1341 1820 1390 1265 1045 1375 1058 1185 1656 1390 1141 1471 1113 1486 1114 1689 1946 1389 1964 1300 1294 1741 1492 1365 1940 1274 1863 1121 1760 1158 1326 1330 1355 1607 1373 1328 1583 1020 1995 1222 1140 1014 1242 1979 1743 1877 1984 1340 1926 1658 1854 1966 1055 1512 1370 1985 1230 1513 1134 1475 1628 1946 1559 1951 1232 1783 1595 1523 1735 1700 1769 1616 1682 1472 1619 1693 1299 1859 1924 1342 1418 BCNSPRNW ULIB Ver.6.0+V

เปลี่ยนเป็นภาษาไทย

Change to English
 แสดงรายละเอียดบรรณานุกรม
  กลับหน้าหลัก

Brief Record : Get Marc (ISO 2709) : E-mail record : QR code < ปิดหน้าต่าง
LEADER : 00000nam 2200000uu 4500
001    13399111147
003     ULIB
008    110617s||||||||th 000 0 tha d
020    9789743287060
050 04 BF637.S8^bอ995ฮ 2552
100 0  ไอรดา คณนาพร ฉลาดแพทย์
245 10 ฮีโร่ คนธรรมดา ที่ไม่ธรรมดา /^cโดย ไอรดา คณนาพร ฉลาดแพทย์
260    เชียงใหม่ :^bริช,^c2552
300    141 หน้า :^bภาพประกอบ ;^c21 ซม
505 2  เมล็ดพันธุ์แห่งความสำเร็จ เริ่มต้นเติบโตที่ความคิด -- คุณทำอะไรได้บ้างประเมินศักยภาพของตัวเอง -- ต้องสูญเสียแล้วถึงจะได้ -- แรงผลักดันเพื่อให้เกิด ฮีโร่ -- คุณช่วยโลกได้ไหม สิ่งที่คุณมีนั้นจะเป็นประโยชน์กับคนอื่นๆ ด้วยหรือเปล่า -- เมื่อฮีโร่ถูกพลังมืดเข้าครอบงำ การใช้พรสวรรค์ไปในทางที่ผิด -- อยากจะเป็นฮีโร่ ต้องหมั่นฝึกฝน, โชคดีในชีวิตไม่ใช่เรื่องบังเอิญ -- มหัศจรรย์ กับความสามารถของมนุษย์, สิ่งที่มนุษย์ทำได้
650  7 ความสำเร็จ
650  7 การพัฒนาตนเอง
710 1  ริช
945    ^p125^l0^i028005
995    ทศพร
999 ^a ใช้งานได้ทุกระบบ
รายการนี้ยังไม่มีแท็ก
คุณยังไม่ได้ล็อกอิน คุณสามารถมีกิจกรรมร่วมกับเว็บไซต์ได้ แต่ต้องล็อกอินก่อน ::
  ล็อกอิน

รายการสื่อสารสนเทศ

ลำดับที่ ประเภท เลขเรียก/บาร์โค้ด สถานที่ สถานะ
- ไม่พบข้อมูล -

รายการใกล้เคียง
    หัวเรื่อง [ความสำเร็จ]
    หัวเรื่อง [การพัฒนาตนเอง]

BibComment


ยังไม่เคยถูกคอมเมนท์

คอมเมนท์ทรัพยากรรายการนี้
  คอมเมนท์: ฮีโร่ คนธรรมดา ที..


 Copyright 2026. Bcnsprnw @Library